| 000 | 00531nam a2200181 a 4500 | ||
|---|---|---|---|
| 001 | 7094 | ||
| 003 | CO-ViMGA | ||
| 008 | 141112s2004 ck r 000 u spa d | ||
| 040 |
_aCO-ViMGA _bspa _cCO-ViMGA |
||
| 082 | 0 | 4 | _a671.52 L378 |
| 100 | 1 |
_aLesur Esquivel, Luis _95212 |
|
| 245 | 1 | 0 |
_aManual de soldadura con arco eletrico : _buna guía paso a paso |
| 260 |
_aMexico : _bTrillas, _c1995 |
||
| 300 | _a133 p : il | ||
| 490 | _aCómo hacer bien y fácilmente | ||
| 650 | 1 | 4 |
_aSOLDADURA ELECTRICA - MANUALES _96192 |
| 942 |
_2ddc _cBK |
||
| 999 |
_c19059 _d19059 |
||